[Event "Biel op"]
[Site "Biel"]
[Date "1998.??.??"]
[Round "4"]
[White "Kaenel, Hansjuerg"]
[Black "Milov, Vadim"]
[Result "1-0"]
[WhiteElo "2385"]
[BlackElo "2635"]

1.Nf3 c5 2.c4 Nc6 3.Nc3 e5 4.g3 d6 5.Bg2 g5 6.d3 g4 7.Nd2 h5 8.a3 h4 9.b4 f5
10.bxc5 dxc5 11.Rb1 Nge7 12.O-O hxg3 13.hxg3 Qd6 14.Re1 Qh6 15.Nf1 f4 16.Nd5 Nxd5
17.cxd5 Nd4 18.gxf4 exf4 19.e3 Nf5 20.exf4+ Kd8 21.Qxg4 Qh7 22.Qg5+ Kc7 23.Bb2 Rg8
24.Be5+ Nd6 25.Qf6 Rg6 26.Qh8 Qf7 27.Ng3 Bd7 28.Be4 Rh6 29.Bxd6+ Rxd6 30.Qc3 b6
31.d4 Bg7 32.Red1 Rc8 33.Qc4 Kd8 34.dxc5 Rxc5 35.Qa6 Ra5 36.Qb7 Qxf4 37.Qb8+ Ke7
38.Re1 Be5 39.Qg8 Rxa3 40.Bg2 Rf6 41.d6+ Rxd6 42.Qg7+ Kd8 43.Rxe5 Kc7 44.Re4 Qf6
45.Rc4+  1-0

[Event "Biel op"]
[Site "Biel"]
[Date "1998.??.??"]
[Round "5"]
[White "Milov, Vadim"]
[Black "Koeller, Oliver"]
[Result "1-0"]
[WhiteElo "2635"]
[BlackElo "2295"]

1.d4 Nf6 2.c4 g6 3.Nc3 Bg7 4.e4 O-O 5.Be2 c6 6.h4 d5 7.e5 Ne4 8.h5 Nxc3 9.bxc3 c5
10.Nf3 cxd4 11.cxd4 dxc4 12.hxg6 hxg6 13.Qd2 Nc6 14.Qf4 Qa5+ 15.Bd2 c3 16.Be3 Nb4
17.Rc1 Bf5 18.Qh4 f6 19.Qh7+ Kf7 20.Bh6 Rg8 21.Bc4+ Nd5 22.O-O Rac8 23.Bb3 c2
24.exf6 exf6 25.Rfe1 Rc7 26.Nh4  1-0

[Event "Biel op"]
[Site "Biel"]
[Date "1998.??.??"]
[Round "6"]
[White "Niklasch, Oliver"]
[Black "Milov, Vadim"]
[Result "0-1"]
[WhiteElo "2345"]
[BlackElo "2635"]

1.d4 Nf6 2.c4 g6 3.Nf3 Bg7 4.g3 O-O 5.Bg2 d6 6.O-O Nc6 7.Nc3 a6 8.b3 Rb8
9.e3 b5 10.Qe2 Na5 11.cxb5 axb5 12.b4 Nc6 13.Rb1 Nd7 14.Rd1 Na7 15.e4 Nb6
16.h3 Be6 17.Bf4 c6 18.Qd2 Qc8 19.Kh2 Nc4 20.Qc1 Qa6 21.Rb3 Nc8 22.Bh6 N8b6
23.d5 Bd7 24.Nd4 cxd5 25.exd5 Rbc8 26.Bxg7 Kxg7 27.Re1 Rfe8 28.Re4 Ne5 29.Rh4 h5
30.Nf3 Na4 31.Qa1 Nxc3 32.Rxc3 Rxc3 33.Qxc3 Rc8 34.Qe3 f6 35.Nd4 Re8 36.Qe2 Qa7
37.Re4 Qb6 38.Qc2 Qd8 39.Qe2 Qb6 40.Qe3 Qd8 41.Qe2 f5 42.Rxe5 dxe5 43.Qxe5+ Kh7
44.Nf3 Rf8 45.Ng5+ Kh6 46.Qf4 Kg7 47.Qe5+ Rf6 48.f4 Kg8 49.Nf3 Ra6 50.Nh4 Be8
51.Qe2 Qd6 52.Qd2 Bf7  0-1

[Event "Biel op"]
[Site "Biel"]
[Date "1998.??.??"]
[Round "10"]
[White "Milov, Vadim"]
[Black "Pavlovic, Milos"]
[Result "0-1"]
[WhiteElo "2635"]
[BlackElo "2535"]

1.d4 Nf6 2.c4 g6 3.Nc3 Bg7 4.e4 d6 5.Be2 O-O 6.Bg5 c5 7.d5 a6 8.a4 h6 9.Bf4 e6
10.dxe6 Bxe6 11.Qd2 Nc6 12.Bxh6 Nd4 13.Bxg7 Kxg7 14.Rd1 Re8 15.h4 b5 16.f3 bxc4
17.h5 Rb8 18.g4 Nd7 19.f4 Nf6 20.g5 Nxe4 21.Nxe4 Bd5 22.Nf6 Bxh1 23.Kf2 Re6
24.Qc3 Rxf6 25.Rxd4 cxd4 26.Qxd4 Qb6 27.gxf6+ Kh6 28.Qxb6 Rxb6 29.Bxc4 d5
30.Be2 gxh5 31.Nf3 Bxf3 32.Bxf3 Rb3  0-1

[Event "Dresden zt"]
[Site "Dresden"]
[Date "1998.??.??"]
[Round "3"]
[White "Milov, Vadim"]
[Black "Dautov, Rustem"]
[Result "1/2-1/2"]
[WhiteElo "2635"]
[BlackElo "2600"]

1.c4 Nf6 2.Nc3 e5 3.Nf3 Nc6 4.a3 g6 5.e3 Bg7 6.d3 O-O 7.Be2 d6 8.O-O Bf5
9.e4 Bg4 10.Ne1 Be6 11.f4 Nd4 12.Nf3  1/2-1/2

[Event "Dresden zt"]
[Site "Dresden"]
[Date "1998.??.??"]
[Round "6"]
[White "Milov, Vadim"]
[Black "Jacimovic, Dragoljub"]
[Result "1-0"]
[WhiteElo "2635"]
[BlackElo "2480"]

1.c4 g6 2.d4 Bg7 3.e4 d6 4.Nc3 Nf6 5.Be2 Nbd7 6.Be3 e5 7.d5 Nc5 8.f3 a5 9.Qd2 Nh5
10.Bd1 f5 11.Bc2 O-O 12.Nge2 fxe4 13.Nxe4 Nxe4 14.Bxe4 Bf5 15.Nc3 Nf6 16.Bxf5 gxf5
17.O-O b6 18.Kh1 Qd7 19.b3 Rae8 20.Rae1 Qf7 21.Nb5 Kh8 22.f4 Ne4 23.Qd1 exf4
24.Bxf4 Nc3 25.Nxc3 Bxc3 26.Rxe8 Rxe8 27.Qd3 Be5 28.g4 Qf6 29.Bxe5 Qxe5 30.Rxf5 Qb2
31.Qf1 Kg8 32.Qf2 Qb1+ 33.Kg2 Qd3 34.Rg5+  1-0

[Event "Dresden zt"]
[Site "Dresden"]
[Date "1998.??.??"]
[Round "7"]
[White "Jussupow, Artur"]
[Black "Milov, Vadim"]
[Result "1/2-1/2"]
[WhiteElo "2630"]
[BlackElo "2635"]

1.d4 Nf6 2.Nf3 d5 3.c4 e6 4.Nc3 Nbd7 5.Bg5 Bb4 6.cxd5 exd5 7.e3 c5 8.Bd3 Qa5
9.O-O c4 10.Bc2 O-O 11.Ne5 Re8 12.Nxd7 Nxd7 13.Ne2 Nf8 14.Nf4 Bd6 15.Nh5 Qc7
16.Qf3 Ng6 17.h4  1/2-1/2

[Event "Dresden zt"]
[Site "Dresden"]
[Date "1998.??.??"]
[Round "8"]
[White "Cvitan, Ognjen"]
[Black "Milov, Vadim"]
[Result "1/2-1/2"]
[WhiteElo "2560"]
[BlackElo "2635"]

1.d4 Nf6 2.Nf3 e6 3.c4 d5 4.Nc3 Be7 5.Bg5 h6 6.Bh4 O-O 7.e3 Ne4 8.Bxe7 Qxe7
9.Rc1 Nxc3 10.Rxc3 c6 11.Bd3 dxc4 12.Bxc4 Nd7 13.O-O  1/2-1/2

[Event "Dresden zt"]
[Site "Dresden"]
[Date "1998.??.??"]
[Round "10"]
[White "Rogic, Davor"]
[Black "Milov, Vadim"]
[Result "1/2-1/2"]
[WhiteElo "2445"]
[BlackElo "2635"]

1.e4 c5 2.Nf3 Nc6 3.d4 cxd4 4.Nxd4 Qc7 5.Nc3 e6 6.Be2 a6 7.O-O b5 8.Nxc6 dxc6
9.Be3 Bd6 10.f4 e5 11.Qd2 exf4 12.Bxf4 Bxf4 13.Rxf4 Ne7 14.Raf1 Be6 15.Bh5 Ng6
16.Bxg6 hxg6 17.h4 Rh5 18.a3 Qe5 19.Rd1 Qc5+ 20.Qf2 Rd8 21.Rxd8+ Kxd8 22.Qxc5 Rxc5
23.Rf2 Ke7 24.Rd2 a5 25.Kf2 g5 26.hxg5 Rxg5 27.Ne2 Re5 28.Nd4 Bd7 29.Kf3 f6
30.g4 g6 31.Kf4 c5 32.Nf3 g5+ 33.Ke3 Re6 34.Rh2 Bc6 35.Rh7+ Ke8 36.Nd2 a4
37.Rc7 Kd8 38.Rf7 Be8 39.Rb7 Bd7 40.c4 bxc4 41.Ra7 Rb6 42.e5 Bxg4 43.exf6 Rxf6
44.Rxa4 Re6+ 45.Ne4 Be2 46.Ra8+ Ke7 47.Kxe2 Rxe4+ 48.Kd2 g4 49.Rg8 Kd6 50.Kc3 Ke5
51.a4 Kd6 52.Rg6+ Kd5 53.Rg5+ Kc6 54.Rg6+  1/2-1/2

[Event "NRW-Liga I 9899"]
[Site "GER"]
[Date "1998.??.??"]
[Round "2"]
[White "Milov, Vadim"]
[Black "Breder, Dennis"]
[Result "1-0"]
[WhiteElo "2635"]
[BlackElo "2200"]

1.d4 c5 2.dxc5 Qa5+ 3.Nc3 Nf6 4.a3 Qxc5 5.e4 d6 6.Be3 Qa5 7.Bd3 g6 8.f4 Bg7
9.Nf3 O-O 10.h3 e5 11.fxe5 dxe5 12.O-O Nc6 13.Qe1 Be6 14.Rd1 Nh5 15.Ng5 Nd4
16.Qh4 h6 17.Nxe6 fxe6 18.Ne2 Kh7 19.c3 Nxe2+ 20.Bxe2 Nf4 21.Bf3 Rad8 22.Qe7 Rfe8
23.Qxb7 Rb8 24.Qxa7 Qxa7 25.Bxa7 Rxb2 26.Rd7 Rb3 27.Bc5 Rxc3 28.Bd6 Rd3 29.Rb1 Rg8
30.Rbb7 Kh8 31.Rxg7  1-0

[Event "New York op"]
[Site "New York"]
[Date "1998.??.??"]
[Round "3"]
[White "Sagalchik, Gennadij"]
[Black "Milov, Vadim"]
[Result "1/2-1/2"]
[WhiteElo "2550"]
[BlackElo "2635"]

1.d4 Nf6 2.c4 g6 3.Nc3 Bg7 4.e4 d6 5.Bd3 O-O 6.Nge2 e5 7.d5 Na6 8.Bb1 Nh5
9.O-O c5 10.a3 f5 11.exf5 gxf5 12.Ng3 Nf4 13.Bxf4 exf4 14.Nh5 Be5 15.Qf3 Qg5
16.Bd3 Nc7 17.Rab1 b5 18.Ne2 bxc4 19.Bxc4 Qg4 20.Nhxf4 Qxf3 21.gxf3 a5 22.Nd3 Bf6
23.Nef4 Ba6 24.Rfc1 Bxc4 25.Rxc4 a4 26.Re1 Kf7 27.Re2 Rfb8 28.Nb4 Rb7 29.Ne6 Re8
30.Rd2 Nxe6 31.dxe6+ Rxe6 32.Nd5 Re1+ 33.Kg2 Rxb2 34.Rxb2 Bxb2 35.Rxa4 Rd1
36.Ne3 Rd3 37.Nxf5 Ke6 38.Ne3 Rxa3 39.Rh4 Bd4 40.Rh6+ Kd7 41.Rxd6+ Kxd6 42.Nc4+ Kd5
43.Nxa3 Bb2 44.Nc2 Be5 45.h3 Kc4 46.Kf1 Kd3 47.Ne3 Bd4 48.Nf5 Bf6 49.Ne3 Bg5
50.Nd5 Kd4 51.Nc7 Ke5 52.Ke2 Bd8 53.Nb5 Be7 54.Na3 Bg5 55.Nc4+ Kd4 56.Ne3 c4
57.Nxc4 Kxc4 58.f4  1/2-1/2

[Event "SUI-chT"]
[Site "Suisse"]
[Date "1998.??.??"]
[Round "?"]
[White "Milov, Vadim"]
[Black "Huebner, Robert"]
[Result "1-0"]
[WhiteElo "2633"]
[BlackElo "2585"]

1.d4 d5 2.c4 c6 3.cxd5 cxd5 4.Nc3 Nf6 5.Bf4 Nc6 6.Nf3 Bf5 7.e3 e6 8.Bb5 Nd7
9.O-O Be7 10.Qb3 O-O 11.Rfc1 Rc8 12.Bxc6 bxc6 13.Qb7 g5 14.Bg3 h5 15.h3 g4
16.hxg4 hxg4 17.Nd2 Bd3 18.Qxa7 c5 19.Qa4 cxd4 20.Qxd4 Bf5 21.Nb3 Bf6 22.Qd2 Ne5
23.Nd4 Bg6 24.Qe2 Qb6 25.Bxe5 Bxe5 26.Rd1 Rc4 27.Qxg4 Qxb2 28.Nce2 Ra8 29.Qg5 Bxd4
30.Nxd4 Qb6 31.Nf3 Qd8 32.Qg3 Qf6 33.Rab1 Kg7 34.Ne5 Re4 35.f4 Rxa2 36.Rb7 Re2
37.Nxf7 Qxf7 38.Rxf7+ Kxf7 39.Ra1  1-0

[Event "Australian op"]
[Site "Suncoast"]
[Date "1999.01.04"]
[Round "3"]
[White "Stephson, David"]
[Black "Milov, Vadim"]
[Result "0-1"]
[WhiteElo "2200"]
[BlackElo "2640"]

1.d4 Nf6 2.c4 g6 3.g3 Bg7 4.Bg2 O-O 5.Nf3 d6 6.O-O Nc6 7.Nc3 a6 8.h3 Rb8
9.Be3 b5 10.Nd2 Bd7 11.cxb5 axb5 12.Rc1 b4 13.Na4 Na5 14.b3 Qc8 15.Kh2 Rb5
16.Nf3 Qb8 17.Ne5 dxe5 18.dxe5 Rxe5 19.Bd4 c6 20.Bxe5 Qxe5 21.Nc5 Bf5 22.Qd2 Nd5
23.e4 Nc3 24.Nd3 Rd8 25.exf5 Qxf5 26.Qf4 Qxf4 27.Nxf4 Rd2 28.Bf3 e5 29.Ng2 e4
30.Bd1 Rxa2 31.Ne3 Bd4 32.Kg1 c5 33.Re1 Kg7 34.Bc2 f5 35.Kf1 c4 36.bxc4 Bxe3
37.fxe3 Nxc4 38.Bb3 Nd2+  0-1

[Event "Australian op"]
[Site "Suncoast"]
[Date "1999.01.05"]
[Round "4"]
[White "Milov, Vadim"]
[Black "Haag, Martin"]
[Result "1-0"]
[WhiteElo "2640"]
[BlackElo "2290"]

1.d4 d5 2.c4 e6 3.Nc3 c5 4.cxd5 exd5 5.Nf3 Nc6 6.g3 Nf6 7.Bg2 Be7 8.O-O O-O
9.dxc5 Bxc5 10.Bg5 d4 11.Bxf6 Qxf6 12.Nd5 Qd8 13.Nd2 Re8 14.Rc1 Bb6 15.Nc4 Bg4
16.Re1 Ba5 17.Nxa5 Qxa5 18.b4 Nxb4 19.Qxd4 Nxd5 20.Qxg4 Rad8 21.Red1 Nf6
22.Qc4 b5 23.Qc2 h5 24.Bf3 h4 25.Kg2 hxg3 26.hxg3 Rxd1 27.Rxd1 Rd8 28.Rh1 b4
29.Rh4 Qb6 30.Rc4 a5 31.Rc6 Qb5 32.Rc5 Qb6 33.Qc4 Rb8 34.Rc6 Qb5 35.Rc8+ Kh7
36.Qh4+ Kg6 37.Rc6  1-0

[Event "Australian op"]
[Site "Suncoast"]
[Date "1999.01.07"]
[Round "6"]
[White "Milov, Vadim"]
[Black "Rogers, Ian"]
[Result "1/2-1/2"]
[WhiteElo "2640"]
[BlackElo "2605"]

1.d4 g6 2.e4 Bg7 3.Nc3 d6 4.Be3 a6 5.h3 b5 6.Nf3 Bb7 7.Bd3 Nd7 8.a4 b4 9.Ne2 Ngf6
10.Ng3 O-O 11.O-O c5 12.c3 bxc3 13.bxc3 Qa5 14.Bd2 Qc7 15.Qe2 e5 16.d5 c4
17.Bxc4 Rfc8 18.Bd3 Nc5 19.a5 Rcb8 20.Bc2 Bc8 21.c4 Rb7  1/2-1/2

[Event "Australian op"]
[Site "Suncoast"]
[Date "1999.01.09"]
[Round "7"]
[White "Wohl, Aleksandar H"]
[Black "Milov, Vadim"]
[Result "0-1"]
[WhiteElo "2440"]
[BlackElo "2640"]

1.e4 c5 2.Nf3 e6 3.c3 Nf6 4.e5 Nd5 5.d4 cxd4 6.cxd4 d6 7.Nc3 Nxc3 8.bxc3 Qc7
9.Bd2 Nd7 10.Qa4 Be7 11.Bd3 O-O 12.exd6 Bxd6 13.O-O Bf4 14.Qc2 h6 15.Rfe1 b6
16.c4 Bb7 17.Bxf4 Qxf4 18.Bh7+ Kh8 19.Be4 Bxe4 20.Rxe4 Qf5 21.Qe2 Rac8 22.Re3 Rc7
23.Rc1 Rfc8 24.h3 Rd8 25.Qb2 Qf4 26.Qb5 Rdc8 27.a4 Nf8 28.a5 Ng6 29.axb6 axb6
30.Rec3 Qd6 31.g3 Ne7 32.c5 bxc5 33.Rxc5 Rxc5 34.Rxc5 Rb8 35.Qa4 Nf5 36.Kg2 Rb2
37.Re5 Kh7 38.g4 f6 39.gxf5 fxe5 40.Qe8 exf5 41.Nxe5 Qd5+ 42.Kg3 f4+ 43.Kh4 Qg2
44.Ng4 g5+  0-1

[Event "Australian op"]
[Site "Suncoast"]
[Date "1999.01.10"]
[Round "8"]
[White "Milov, Vadim"]
[Black "Johansen, Darryl K"]
[Result "1/2-1/2"]
[WhiteElo "2640"]
[BlackElo "2490"]

1.d4 e6 2.c4 f5 3.g3 Nf6 4.Bg2 Bb4+ 5.Nd2 O-O 6.Nh3 d6 7.O-O Bxd2 8.Bxd2 Qe7
9.Rc1 e5 10.c5 Nc6 11.cxd6 cxd6 12.d5 Nd8 13.Rc3 h6 14.Qc2 Bd7 15.Rc1 Qf7
16.Rc7 Ne8 17.Rc3 Nf6 18.Rc7 Ne8 19.Rc3  1/2-1/2

[Event "Australian op"]
[Site "Suncoast"]
[Date "1999.01.11"]
[Round "9"]
[White "Lane, Gary W"]
[Black "Milov, Vadim"]
[Result "0-1"]
[WhiteElo "2405"]
[BlackElo "2640"]

1.e4 c5 2.Nf3 e6 3.Nc3 a6 4.d4 cxd4 5.Nxd4 b5 6.f4 Bb7 7.Bd3 d6 8.O-O Nf6
9.Qe2 Nbd7 10.Nf3 Nc5 11.e5 Nfd7 12.Ne4 dxe5 13.fxe5 Be7 14.Kh1 Nxd3 15.Qxd3 Nc5
16.Nxc5 Bxc5 17.Qe2 O-O 18.Bf4 Qd5 19.Rfe1 Rac8 20.a3 Rfd8 21.Bg5 Rd7 22.Rad1 Qc6
23.Rxd7 Qxd7 24.Rd1 Qc7 25.c3 h6 26.Bh4 Qc6 27.Bf2 Be7 28.Kg1 Rc7 29.Rd2 a5
30.Rd4 Rd7 31.Rxd7 Qxd7 32.Bb6 Bd5 33.Kh1 a4 34.Be3 Bc4 35.Qd2 Qxd2 36.Nxd2 Bd5
37.Kg1 h5 38.Kf2 Kh7 39.Nf3 f6 40.Nd4 Bc4 41.Nf3 Kg6 42.Nh4+ Kf7 43.Nf3 Ke8
44.Kg3 Kf7 45.Kf2 Bd8 46.Bd4 Kg6 47.Nh4+ Kf7 48.Nf3 Bd5 49.exf6 gxf6 50.Bc5 e5
51.Kg3 Bc7 52.Kf2 Ke6 53.Nd2 f5 54.g3 Kf6 55.Nf1 f4 56.gxf4 exf4 57.Nd2 Kf5
58.h3 Bd8 59.Kg1 Bh4 60.Bf2 Bg3 61.Nf1 Bxf2+ 62.Kxf2 Ke4  0-1

[Event "Australian op"]
[Site "Suncoast"]
[Date "1999.01.14"]
[Round "11"]
[White "Smerdon, David"]
[Black "Milov, Vadim"]
[Result "0-1"]
[WhiteElo "2105"]
[BlackElo "2640"]

1.e4 c5 2.c3 Nf6 3.e5 Nd5 4.d4 cxd4 5.Nf3 e6 6.cxd4 d6 7.a3 Nc6 8.Bd3 g6
9.O-O Bg7 10.Re1 Qc7 11.Qe2 Bd7 12.Bd2 Qb6 13.Nc3 Nce7 14.Nb5 dxe5 15.Nxe5 Bxe5
16.Qxe5 O-O 17.a4 Nc6 18.Qd6 a6 19.a5 Qd8 20.Nc3 Ncb4 21.Be4 Bc6 22.Qe5 Re8
23.Re2 Qf6 24.Bxd5 Qxe5 25.Rxe5 Bxd5 26.Ra4 f6 27.Re3 Nc6 28.Ne2 Rad8 29.Bc3 Kf7
30.Ra1 Bc4 31.Rd1 e5 32.f3 Bxe2 33.Rxe2 exd4 34.Rxe8 Rxe8 35.Be1 Ke6 36.Kf2 Kd5
37.b3 Re3 38.Rb1 Re6 39.Bd2 Ne5 40.Ke2 Nc4+ 41.Kd1 Ne3+ 42.Bxe3 Rxe3 43.Kd2 g5
44.b4 Kc4 45.Rc1+ Rc3 46.Re1 Rd3+ 47.Kc2 Re3 48.Rh1 Re2+ 49.Kb1 d3 50.Kc1 d2+
51.Kd1 Kd3 52.h4 Re7 53.f4 g4  0-1

[Event "ISR-chT"]
[Site "Israel"]
[Date "1999.01.22"]
[Round "3"]
[White "Kogan, Boris"]
[Black "Milov, Vadim"]
[Result "0-1"]
[WhiteElo "2290"]
[BlackElo "2640"]

1.e4 c5 2.Nf3 e6 3.d4 cxd4 4.Nxd4 a6 5.Nc3 b5 6.a3 Bb7 7.g3 h5 8.h3 Nc6 9.Be3 Nf6
10.Bg2 Ne5 11.O-O Nc4 12.Bc1 Rc8 13.Qe2 Qb6 14.Nf3 Bd6 15.Kh1 h4 16.Nxh4 Be5
17.Nd1 Nd6 18.Nf3 Ndxe4 19.Be3 Qc7 20.Nxe5 Qxe5 21.Kg1 Qd5 22.Qd3 Qf5 23.Bd4 e5
24.Ne3 Qe6 25.Rae1 exd4 26.Ng4 Nxg4 27.hxg4 d5 28.f3 Qh6 29.fxe4 dxe4 30.Rxe4+ Bxe4
31.Qxe4+ Kf8 32.Re1 Qd6 33.Qf5 Rd8 34.Rf1 Qd7 35.Qf4 Qe7 36.Be4 Rh6 37.g5 Re6
38.Qh4 Ke8 39.Qh8+ Qf8 40.Qh7 g6 41.Rf4 Rd7 42.Qh1 Qc5 43.Qh8+ Qf8 44.Qh1 d3
45.cxd3 Qc5+ 46.Kg2 Qxg5 47.Qc1 Kd8 48.Qc3 Qe5 49.Qa5+ Qc7 50.Qb4 Qd6 51.Qa5+ Ke7
52.Qc3 Rc7 53.Qb3 f5 54.Bf3 Qc5 55.Bd1 Rd7 56.Rf2 g5 57.Be2 Qd5+ 58.Qxd5 Rxd5
59.Bf1 Kf6 60.Rc2 g4 61.Rc8 Rdd6 62.Rf8+ Ke5 63.Kf2 Rf6 64.Rxf6 Rxf6 65.Ke3 f4+  0-1

[Event "Julian Borowski GM"]
[Site "Essen"]
[Date "1999.03.27"]
[Round "1"]
[White "Bischoff, Klaus"]
[Black "Milov, Vadim"]
[Result "1-0"]
[WhiteElo "2520"]
[BlackElo "2630"]

1.d4 Nf6 2.c4 g6 3.Nc3 Bg7 4.e4 d6 5.Bd3 Nc6 6.Nge2 Nd7 7.Be3 e5 8.d5 Nd4
9.Nb5 Nxe2 10.Qxe2 a6 11.Nc3 O-O 12.O-O-O b5 13.cxb5 Nc5 14.Bxc5 dxc5 15.Kb1 Qd6
16.Rc1 axb5 17.Nxb5 Qb6 18.Qe3 Ba6 19.a4 Qa5 20.b3 Rfb8 21.Rxc5 Qb4 22.Kb2 Bh6
23.Qxh6 Qxc5 24.Qe3 Qb4 25.Rc1 Qa5 26.Qe1 Qb6 27.Rc6 Qb7 28.Qc3 Bxb5 29.Bxb5 Qa7
30.Qc5 Rb6 31.Rxc7 Qa5 32.Rc8+ Rxc8 33.Qxc8+ Kg7 34.Qc3 Qa7 35.f4 Rf6 36.fxe5 Rf2+
37.Ka3  1-0

[Event "Julian Borowski GM"]
[Site "Essen"]
[Date "1999.03.31"]
[Round "5"]
[White "Milov, Vadim"]
[Black "Zvjaginsev, Vadim"]
[Result "1/2-1/2"]
[WhiteElo "2633"]
[BlackElo "2658"]

1.Nf3 d5 2.e3 Nf6 3.b3 e6 4.Bb2 Bd6 5.d4 Nbd7 6.Nbd2 b6 7.Bd3 Bb7 8.Ne5 O-O
9.O-O Ne4 10.Qe2 a6 11.Rad1 f6 12.Nxd7 Qxd7 13.c4 Qe7 14.f4  1/2-1/2

[Event "Julian Borowski GM"]
[Site "Essen"]
[Date "1999.04.02"]
[Round "6"]
[White "Fridman, Daniel"]
[Black "Milov, Vadim"]
[Result "1/2-1/2"]
[WhiteElo "2529"]
[BlackElo "2633"]

1.Nf3 c5 2.c4 b6 3.g3 Bb7 4.Bg2 g6 5.O-O Bg7 6.Nc3 Nf6 7.d4 cxd4 8.Qxd4 d6
9.b3 Nbd7 10.Bb2 a6 11.Rac1 O-O 12.Rfd1 Rc8 13.Ne1 Bxg2 14.Nxg2 Ne5 15.Qd2 Qd7
16.Nd5 Nxd5 17.cxd5 Qf5 18.Ne3 Qh5 19.Bxe5 dxe5 20.Rxc8 Rxc8 21.Nc4 b5 22.d6 exd6
23.Nxd6 Rd8 24.Qc2 Qg4 25.Nb7 Rc8 26.Rd8+ Rxd8 27.Nxd8 Qd7 28.Nc6 h5 29.Qe4 f5
30.Qd5+ Qxd5 31.Ne7+ Kf7 32.Nxd5 Ke6 33.Nb4 Bf8 34.Nc2 Kd5 35.Kg2 g5 36.h3 Bc5
37.Kf1 e4 38.e3 Ke5 39.Kg2 Be7 40.Kf1 f4 41.g4 hxg4 42.hxg4  1/2-1/2

[Event "Julian Borowski GM"]
[Site "Essen"]
[Date "1999.04.05"]
[Round "9"]
[White "Milov, Vadim"]
[Black "Podzielny, Karl Heinz"]
[Result "1/2-1/2"]
[WhiteElo "2633"]
[BlackElo "2499"]

1.d4 Nf6 2.c4 g6 3.Nc3 Bg7 4.e4 d6 5.Be2 O-O 6.Bg5 Na6 7.Nf3 Qe8 8.O-O e5
9.Re1 h6 10.Bxf6 Bxf6 11.c5 Bg4 12.Nd5 Bd8 13.Bxa6 bxa6 14.cxd6 cxd6 15.h3 Bxf3
16.Qxf3 exd4 17.Qd3 a5 18.Qxd4 Qe5 19.Qd2 Bb6 20.Rad1 Rab8 21.b3 g5 22.Ne3 Bxe3
23.Qxe3 Rfe8 24.Qxa7 Rb4 25.Qa6 Re6 26.Re3 Rf6 27.Qa8+ Kg7 28.Qd5 Qb2 29.Qd2 Qe5
30.Qe2 a4 31.Rd5 axb3 32.axb3 Qa1+ 33.Kh2 Rd4 34.Rxd4 Qxd4 35.g3 Re6 36.Kg2 Re5
37.Qd3 Qb4 38.f4 Rc5 39.Kf3 Rc8 40.Qd5 gxf4 41.gxf4 Rc1 42.f5 Qb6 43.Qd2 Qc7
44.Qd4+ Kh7 45.Kg4 Qe7 46.Rg3 Qg5+ 47.Kf3 Qh5+ 48.Kf2 Rc2+ 49.Kg1 Rc1+ 50.Kf2 Rc2+
51.Ke3 Qe2+ 52.Kf4 Qf1+ 53.Kg4 Rg2 54.Qe3 Re2 55.Qd3 Qe1 56.Kh5 Rxe4 57.Qxd6 Qe2+
58.Rg4 Rxg4  1/2-1/2

[Event "Frankfurt Ordix op"]
[Site "Frankfurt"]
[Date "1999.07.04"]
[Round "7"]
[White "Gofshtein, Leonid D"]
[Black "Milov, Vadim"]
[Result "1/2-1/2"]
[WhiteElo "2517"]
[BlackElo "2633"]

1.d4 Nf6 2.c4 g6 3.Nc3 Bg7 4.e4 d6 5.Nf3 O-O 6.Be2 e5 7.O-O Na6 8.d5 Nc5
9.Qc2 a5 10.Bg5 h6 11.Be3 b6 12.Nd2 Ng4 13.Bxg4 Bxg4 14.a3 f5 15.f3 Bh5 16.b4 Nd7
17.Nb5 f4 18.Bf2 g5 19.c5 bxc5 20.bxc5 dxc5 21.Nb3 g4 22.Bxc5 a4 23.Nd2 Nxc5
24.Qxc5 Rf7 25.Rac1 Bf8 26.Qc3 Qf6 27.Qc6 Rb8 28.Qxf6 Rxf6 29.Nxc7 Bxa3 30.Rc2 Bb2
31.Ne6 a3 32.Nc4 Bf7 33.Nxb2 axb2 34.Rb1 Bxe6 35.dxe6 Rxe6 36.Rcxb2 Rxb2
37.Rxb2 g3 38.hxg3 fxg3 39.Kf1 Kg7 40.Ke2 Ra6 41.f4 exf4  1/2-1/2

[Event "Frankfurt Ordix op"]
[Site "Frankfurt"]
[Date "1999.07.04"]
[Round "8"]
[White "Milov, Vadim"]
[Black "Svidler, Peter"]
[Result "1/2-1/2"]
[WhiteElo "2633"]
[BlackElo "2713"]

1.d4 Nf6 2.c4 g6 3.Nc3 d5 4.cxd5 Nxd5 5.e4 Nxc3 6.bxc3 Bg7 7.Bc4 O-O 8.Ne2 c5
9.O-O Nc6 10.Be3 Bd7 11.Rb1 a6 12.Bd3 cxd4 13.cxd4 b5 14.Qd2 Qa5 15.Qxa5 Nxa5
16.Rfc1 Rfc8 17.f3 e5 18.Kf2  1/2-1/2

[Event "Biel MTO"]
[Site "Biel"]
[Date "1999.07.20"]
[Round "1"]
[White "Milov, Vadim"]
[Black "Schmidt, Jan Peter"]
[Result "1-0"]
[WhiteElo "2626"]
[BlackElo "2301"]

1.d4 Nf6 2.c4 e6 3.Nc3 Bb4 4.e3 c5 5.Bd3 Nc6 6.Ne2 cxd4 7.exd4 d5 8.cxd5 Nxd5
9.a3 Bd6 10.Ne4 Be7 11.Bc2 O-O 12.Qd3 Qc7 13.O-O Rd8 14.Ng5 g6 15.Bb3 Bf6
16.Ne4 Be7 17.Bh6 Nf6 18.Be3 Bd7 19.Rad1 Be8 20.N2c3 Qb6 21.Na4 Qc7 22.Nac3 Qb6
23.Na4 Qc7 24.Rc1 Nxe4 25.Qxe4 Qd6 26.Nc5 Nxd4 27.Nxb7 Qb6 28.Nxd8 Rxd8 29.Bxd4 Rxd4
30.Qe3 Bb5 31.Rfd1 Bf6 32.Rxd4 Bxd4 33.Qd2 Kg7 34.Bc4 Bc6 35.b4 e5 36.Bf1 f5
37.Kh1 Be8 38.Qg5 Qd6 39.Rc8 Bf7 40.f3 f4 41.Qd8 Qe6 42.Bc4  1-0

[Event "Biel MTO"]
[Site "Biel"]
[Date "1999.07.20"]
[Round "10"]
[White "Milov, Vadim"]
[Black "Bagirov, Vladimir"]
[Result "1-0"]
[WhiteElo "2626"]
[BlackElo "2471"]

1.c4 e6 2.Nc3 d5 3.d4 Nf6 4.cxd5 exd5 5.Bg5 Be7 6.e3 O-O 7.Bd3 c6 8.Nge2 Nbd7
9.O-O Re8 10.Qc2 Nf8 11.Rad1 Nh5 12.Bxe7 Qxe7 13.Rfe1 Bg4 14.h3 Bxe2 15.Qxe2 Nf6
16.f3 Ne6 17.Qf2 c5 18.dxc5 Qxc5 19.e4 d4 20.Ne2 Rad8 21.f4 Qa5 22.Ng3 Nc5
23.a3 Qb6 24.b4 Na4 25.Rd2 Nc3 26.e5 Nfd5 27.Nf5 g6 28.Nh6+ Kg7 29.Qh4 Qc7
30.Ng4 h5 31.f5 Rh8 32.f6+ Kg8 33.Nh2 Ne3 34.Nf3 Kf8 35.e6 fxe6 36.Bxg6 e5
37.Qg3 h4 38.Qxe5 Qxe5 39.Nxe5 Rd5 40.Nd7+ Kg8 41.Rxd4  1-0

[Event "Biel MTO"]
[Site "Biel"]
[Date "1999.07.21"]
[Round "2"]
[White "Radjabov, Teimour"]
[Black "Milov, Vadim"]
[Result "0-1"]
[WhiteElo "2438"]
[BlackElo "2626"]

1.Nf3 c5 2.b3 d6 3.c4 Nc6 4.Bb2 e5 5.d3 f5 6.g3 Nf6 7.Bg2 g6 8.O-O Bg7 9.Nc3 O-O
10.a3 Nh5 11.Nd2 Be6 12.Nd5 Qd7 13.b4 Kh8 14.Bc3 Rab8 15.Rb1 cxb4 16.axb4 b5
17.Qc1 bxc4 18.dxc4 e4 19.g4 fxg4 20.Nxe4 Bxd5 21.cxd5 Ne5 22.Qe3 Nf4 23.Nc5 Qb5
24.Ne6 Nxg2 25.Qg3 Qxe2 26.Nxf8 Nh4 27.Bxe5 Nf3+ 28.Kh1 Bxe5 29.Nxg6+ hxg6
30.Qxg4 Qd3 31.Qh3+ Kg8 32.Rg1 Rf8 33.Rbc1 Qf5 34.Qxf5 Rxf5 35.Rxg6+ Kf7
36.Rh6 Kg7 37.Re6 Ng5 38.Rc7+ Nf7 39.Kg2 a6 40.h4 Bd4 41.Re2 Bf6 42.Re4 Rxd5
43.Rg4+ Kf8 44.Rf4 Kg7 45.Ra7 Rd2 46.Kh3 Rd3+ 47.Kg4 Kg6 48.h5+ Kg7 49.Rc4 Bd4
50.Rb7 Kf6 51.Kf4 Bxf2 52.Rc8 Ne5 53.Rf8+ Ke6 54.Re8+ Kd5 55.Kg5 Rg3+ 56.Kf4 Rf3+
57.Kg5 Be3+ 58.Kh4 Bf4 59.Rc7 Rg3 60.Rxe5+ Bxe5 61.h6  0-1

[Event "Biel MTO"]
[Site "Biel"]
[Date "1999.07.22"]
[Round "3"]
[White "Milov, Vadim"]
[Black "Greenfeld, Alon"]
[Result "1/2-1/2"]
[WhiteElo "2626"]
[BlackElo "2494"]

1.d4 Nf6 2.c4 e6 3.Nc3 Bb4 4.e3 O-O 5.Bd3 d5 6.a3 Bxc3+ 7.bxc3 dxc4 8.Bxc4 c5
9.Bd3 Nc6 10.Nf3 Qc7 11.O-O e5 12.Qc2 Re8 13.dxe5 Nxe5 14.Nxe5 Rxe5 15.c4 Bd7
16.f4 Ree8 17.e4 Qd6 18.Bb2 Ba4 19.Qe2 Rad8 20.Rf3 Bc6 21.Re3 Qxf4 22.Rf1 Qg4
23.Qf2 Qe6 24.Rg3 Rxd3 25.Bxf6 Rxg3 26.Qxg3 g6 27.e5 Qxc4 28.h3 h6 29.Rf4 Qc2
30.Kh2 Re6 31.Rg4 Qf5 32.Rf4 Qc2 33.Rg4 Qf5 34.Rf4 Qc2  1/2-1/2

[Event "Biel MTO"]
[Site "Biel"]
[Date "1999.07.24"]
[Round "5"]
[White "Milov, Vadim"]
[Black "Mikhalevski, Alexander"]
[Result "1-0"]
[WhiteElo "2626"]
[BlackElo "2474"]

1.d4 d5 2.Bg5 h6 3.Bh4 c6 4.e3 Qb6 5.Qc1 e5 6.Nf3 e4 7.Nfd2 Be7 8.Bg3 h5
9.c4 h4 10.Bf4 g5 11.Be5 f6 12.Bxb8 Rxb8 13.Nc3 Be6 14.Qc2 f5 15.f3 Nf6 16.O-O-O Rc8
17.Kb1 O-O 18.g4 hxg3 19.hxg3 c5 20.g4 cxd4 21.exd4 f4 22.fxe4 Nxg4 23.Nxd5 Bxd5
24.exd5 Rf7 25.Ne4 Qg6 26.Bd3 Qg7 27.d6 Ne3 28.Qh2 Nxd1 29.dxe7 Ne3 30.Nd6 Rxe7
31.Nxc8 Rd7 32.Qh5 Rd8 33.Ne7+ Kf8 34.Ng6+ Ke8 35.Qxg5 Rxd4 36.Rh8+ Kf7 37.Ne5+ Qxe5
38.Rh7+  1-0

[Event "Biel MTO"]
[Site "Biel"]
[Date "1999.07.25"]
[Round "6"]
[White "Klovans, Janis"]
[Black "Milov, Vadim"]
[Result "0-1"]
[WhiteElo "2465"]
[BlackElo "2626"]

1.e4 c5 2.Nf3 e6 3.d4 cxd4 4.Nxd4 a6 5.Bd3 Nf6 6.O-O d6 7.c4 Bd7 8.Nc3 Nc6
9.Nxc6 Bxc6 10.Qe2 Be7 11.Bf4 Nd7 12.Rfd1 O-O 13.Rac1 Ne5 14.c5 Qb8 15.cxd6 Bxd6
16.Bg3 Rd8 17.Bc2 b5 18.Bb3 Ng6 19.e5 Be7 20.Rxd8+ Qxd8 21.Ne4 Bxe4 22.Qxe4 Rc8
23.Rd1 Qc7 24.h4 Rd8 25.Rxd8+ Bxd8 26.h5 Ne7 27.Bf4 g6 28.h6 Qc6 29.Bc2 Nd5
30.Be3 Be7 31.g3 Bf8 32.Bd2 Qd7 33.Bg5 Nb4 34.a3 Nc6 35.Qe3 Qd5 36.Bf4 Bc5  0-1